UBT Library

Mammography, (Record no. 44434)

000 -LEADER
fixed length control field 00509nam a22002051 4500
001 - CONTROL NUMBER
control field 2642202
005 - DATE AND TIME OF LATEST TRANSACTION
control field 20180308045415.0
008 - FIXED-LENGTH DATA ELEMENTS--GENERAL INFORMATION
fixed length control field 731212s1967 ilua b 000 0 eng
010 ## - LIBRARY OF CONGRESS CONTROL NUMBER
LC control number 66018937
040 ## - CATALOGING SOURCE
Original cataloging agency DLC
Transcribing agency DLC
Modifying agency DLC
041 ## - LANGUAGE CODE
Language code of text/sound track or separate title eng
080 ## - UNIVERSAL DECIMAL CLASSIFICATION NUMBER
Universal Decimal Classification number 618.1907572 WOL
082 00 - DEWEY DECIMAL CLASSIFICATION NUMBER
Classification number 618.1907572 WOL
100 1# - Rafti
Rafti 6
101 ## - Shkurtesa
Shkurtesa RAD
245 10 - TITLE STATEMENT
Title Mammography,
Statement of responsibility, etc by John N. Wolfe.
504 ## - BIBLIOGRAPHY, ETC. NOTE
Bibliography, etc Bibliography: p. 151-154.
906 ## - LOCAL DATA ELEMENT F, LDF (RLIN)
a 7
b cbc
c orignew
d u
e ocip
f 19
g y-gencatlg
942 ## - ADDED ENTRY ELEMENTS (KOHA)
Source of classification or shelving scheme
Item type Books
Holdings
Withdrawn status Lost status Source of classification or shelving scheme Damaged status Not for loan Collection code Permanent location Current location Shelving location Date acquired Total Checkouts Full call number Barcode Date last seen Price effective from Koha item type
          Koleksioni i përgjithshem UBT - Lipjan UBT - Lipjan Koleksioni i përgjithshem 03/08/2018   618.1907572 WOL 002-3000879 03/08/2018 03/08/2018 Books
UBT Library © 2015-2024. All rights reserved University Education for Business and Technology